Postavenie Kataru vo svetovom hospodárstve diplomová práca

Gespeichert in:
Bibliographische Detailangaben
1. Verfasser: Žáková, Rebeka
Körperschaft: Fakulta medzinárodných vzťahov EU. Katedra medzinárodných ekonomických vzťahov a hospodárskej diplomacie
Weitere Verfasser: Dudáš, Tomáš, 1976-
Format: Buch
Sprache:Slowakisch
Veröffentlicht: Bratislava 2021
Tags: Tag hinzufügen
Keine Tags, Fügen Sie das erste Tag hinzu!

MARC

LEADER 00000nbm a2200000 4500
001 0275306
005 20220314133434.2
041 0 |a slo 
044 |a SK 
245 1 0 |a Postavenie Kataru vo svetovom hospodárstve  |b diplomová práca  |c Rebeka Žáková ; školiteľ: Tomáš Dudáš 
264 1 |a Bratislava  |c 2021 
300 |a 100 s. 
100 1 |a Žáková, Rebeka 
700 1 |a Dudáš, Tomáš, 1976- 
710 2 |a Fakulta medzinárodných vzťahov EU. Katedra medzinárodných ekonomických vzťahov a hospodárskej diplomacie